| 000 | 01153nam0a2200313 4500 | ||
|---|---|---|---|
| 001 | RU\NLR\BIBL_A\011948095 | ||
| 005 | 20190416102900.0 | ||
| 010 |
_a978-5-903998-87-6 _9300 |
||
| 021 |
_aRU _bКН-П-19-005237 _9КН-П-19-0390 |
||
| 035 | _a(NLR Aleph) 011948095 | ||
| 035 | _a(RuMoRGB)009878648 | ||
| 090 |
_a11131592 _c11131592 |
||
| 100 | _a20190227d2018 u y0rusy50 ca | ||
| 101 | 0 | _arus | |
| 102 | _aRU | ||
| 105 | _aa|||z|||000gy | ||
| 200 | 1 |
_aПереводчик тишины _eстихи _fИгорь Касько _g[акварельные зарисовки: Э. Ф.] |
|
| 210 |
_aСтаврополь _cСтавролит _d2018 |
||
| 215 |
_a100 с. _cил. _d20 |
||
| 327 | 1 | _aСодерж.: Ч. 1. Прошлое (1995-2016); Ч. 2. Переводчик тишины (2016-2018) | |
| 686 | 2 | _aШ6(2=Р)8-5 | |
| 700 | 1 |
_aКасько _bИ. С. _gИгорь Степанович |
|
| 702 | 0 |
_4440 _7ca _8rus _aЭ. Ф. _cпсевдоним _9204593 _3RU\NLR\AUTH\770204645 |
|
| 942 | _cBOOK | ||
| 980 | _aNBR | ||
| 980 | _aNB | ||